F1- Who won the GP - Statistics

General Stats
  • This quiz has been taken 13 times
  • The average score is 9 of 15
Answer Stats
Question Answer % Correct
1952 Italian Grand Prix Alberto Ascari
82%
2004 Canadian Grand Prix Michael Schumacher
82%
1993 French Grand Prix Alain Prost
73%
1964 Dutch Grand Prix Jim Clark
73%
2021 Russian Grand Prix Lewis Hamilton
73%
2024 Italian Grand Prix Charles Leclerc
64%
2012 European Grand Prix Fernando Alonso
64%
2007 Brazilian Grand Prix Kimi Raikkonen
64%
2025 British Grand Prix Lando Norris
64%
2018 American Grand Prix Kimi Raikkonen
55%
Extra - 1935 German Grand Prix Tazio Nuvolari
55%
1978 German Grand Prix Mario Andretti
45%
1999 Japanese Grand Prix Mika Hakkinen
45%
1988 Italian Grand Prix Gerard Berger
36%
1982 Monaco Grand Prix Riccardo Patrese
36%
No matching quizzes found
Score Distribution
Percent of People with Each Score
Percentile by Number Answered
Your Score History
You have not taken this quiz